[Event "Misiones op"]
[Site "Misiones"]
[Date "2023.07.08"]
[Round "1"]
[White "Alvarez, Jesus Esteban"]
[Black "Borges Nogueira, Adhemar Alfredo"]
[Result "1-0"]
[WhiteElo "1893"]
[BlackElo "1389"]
[PlyCount "75"]
[EventDate "2023.07.08"]
[EventType "swiss"]
[EventRounds "6"]
[EventCountry "ARG"]
[SourceTitle "EXT 2024"]
[Source "ChessBase"]
[SourceDate "2023.10.10"]
[SourceVersion "1"]
[SourceVersionDate "2023.10.10"]
[SourceQuality "1"]

1. d4 e6 2. c4 Nf6 3. g3 c6 4. Bg2 d5 5. Nf3 Be7 6. 0-0 0-0 7. Qc2 b6 8. Nbd2 Bb7 9. e4 dxe4 10. Nxe4 Nbd7 11. Rd1 Qc7 12. Bf4 Qc8 13. Ne5 Nxe4 14. Qxe4 Nxe5 15. Bxe5 f6 16. Bf4 Re8 17. a3 e5 18. dxe5 fxe5 19. Be3 Bf6 20. b4 Rb8 21. c5 bxc5 22. Bxc5 a6 23. Bd6 Ra8 24. Rac1 Qe6 25. Bf1 Kh8 26. Bc4 Qc8 27. Bf7 c5 28. Bd5 Bxd5 29. Rxd5 Qe6 30. Bxc5 Rac8 31. Rcd1 Qc6 32. Qf5 Qa4 33. Rd6 Be7 34. Rd7 Bxc5 35. bxc5 Qxa3 36. Rxg7 Kxg7 37. Rd7+ Kh6 38. Rxh7# 1-0

[Event "Corrientes op 2nd"]
[Site "Corrientes"]
[Date "2023.03.25"]
[Round "3"]
[White "Bengler, Juan Cruz"]
[Black "Alvarez, Jesus Esteban"]
[Result "0-1"]
[WhiteElo "1412"]
[BlackElo "1678"]
[PlyCount "72"]
[EventDate "2023.03.24"]
[EventType "swiss"]
[EventRounds "6"]
[EventCountry "ARG"]
[SourceTitle "CBM 213 Extra"]
[Source "ChessBase"]
[SourceDate "2023.05.31"]
[SourceVersion "1"]
[SourceVersionDate "2023.05.31"]
[SourceQuality "1"]

1. e4 c5 2. c3 d6 3. d4 cxd4 4. cxd4 g6 5. Nf3 Bg7 6. Nc3 Bg4 7. Bb5+ Nd7 8. Be3 a6 9. Be2 Ngf6 10. 0-0 0-0 11. h3 Bxf3 12. Bxf3 Rc8 13. Qd2 Nb6 14. b3 Nfd7 15. Bh6 Bxh6 16. Qxh6 Rxc3 17. Rfe1 e5 18. Rad1 Qf6 19. Re2 exd4 20. Red2 Ne5 21. Be2 d3 22. Bf1 Rfc8 23. f4 Ned7 24. Bxd3 Rc1 25. g4 Qa1 26. Be2 Rxd1+ 27. Rxd1 Rc1 28. Rxc1 Qxc1+ 29. Kf2 Nf6 30. Bf3 Qd2+ 31. Kg3 Qe1+ 32. Kg2 Nxe4 33. Bxe4 Qxe4+ 34. Kg3 Qe3+ 35. Kh4 Qf2+ 36. Kg5 Nd5 0-1

[Event "Obera op"]
[Site "Obera"]
[Date "2023.02.05"]
[Round "6"]
[White "Alvarez, Jesus Esteban"]
[Black "Barrera Caicedo, Hubert Steven"]
[Result "1/2-1/2"]
[WhiteElo "1684"]
[BlackElo "1908"]
[PlyCount "106"]
[EventDate "2023.02.03"]
[EventType "swiss"]
[EventRounds "6"]
[EventCountry "ARG"]
[SourceTitle "CBM 212 Extra"]
[Source "ChessBase"]
[SourceDate "2023.03.31"]
[SourceVersion "1"]
[SourceVersionDate "2023.03.31"]
[SourceQuality "1"]

1. d4 e6 2. c4 f5 3. Nc3 Nf6 4. g3 Be7 5. Bg2 0-0 6. Nf3 c6 7. 0-0 d5 8. b3 Ne4 9. Bb2 Nd7 10. Nd2 Bg5 11. Ndxe4 fxe4 12. Bc1 Bxc1 13. Qxc1 Qf6 14. Qd2 Qg5 15. f3 exf3 16. Rxf3 Rxf3 17. Bxf3 Nf6 18. Re1 Bd7 19. e4 dxe4 20. Nxe4 Nxe4 21. Bxe4 Qh5 22. Qe2 Qg5 23. Qe3 Qa5 24. Re2 Rf8 25. Rf2 Rxf2 26. Qxf2 Be8 27. Kg2 g6 28. Bf3 Bf7 29. h4 a6 30. Qe2 Qc3 31. Bg4 Qxd4 32. Bxe6 Qd6 33. Bxf7+ Kxf7 34. Qf3+ Ke6 35. Qg4+ Ke7 36. Qg5+ Kd7 37. Qh6 Qe7 38. Qd2+ Qd6 39. Qh6 Qe7 40. Qd2+ Kc8 41. Qd4 Qe2+ 42. Qf2 Qxf2+ 43. Kxf2 Kd7 44. Ke3 Ke6 45. Kf4 h6 46. g4 b6 47. g5 h5 48. Ke4 Kd6 49. Kd4 a5 50. a4 Ke6 51. Ke4 Kd7 52. Kd3 Ke7 53. Ke3 Kd7 1/2-1/2

[Event "Obera op"]
[Site "Obera"]
[Date "2023.02.03"]
[Round "1"]
[White "Stakievich Arotcharen, Maria Jose"]
[Black "Alvarez, Jesus Esteban"]
[Result "0-1"]
[WhiteElo "1008"]
[BlackElo "1684"]
[PlyCount "32"]
[EventDate "2023.02.03"]
[EventType "swiss"]
[EventRounds "6"]
[EventCountry "ARG"]
[SourceTitle "CBM 212 Extra"]
[Source "ChessBase"]
[SourceDate "2023.03.31"]
[SourceVersion "1"]
[SourceVersionDate "2023.03.31"]
[SourceQuality "1"]

1. e4 c5 2. c3 d6 3. d4 Nf6 4. Bd3 Nc6 5. Nf3 Bg4 6. Be3 g6 7. 0-0 Bg7 8. Nbd2 0-0 9. Re1 Nd7 10. Nb3 Rc8 11. Rc1 Na5 12. c4 Nxb3 13. Qxb3 Bxf3 14. gxf3 cxd4 15. Bd2 Nc5 16. Qc2 a5 0-1

[Event "San Antonio de Obligado op"]
[Site "San Antonio de Obligado"]
[Date "2022.10.10"]
[Round "5"]
[White "Owczarczyn, Cristian Lucas"]
[Black "Alvarez, Jesus Esteban"]
[Result "0-1"]
[WhiteElo "1503"]
[BlackElo "1644"]
[PlyCount "98"]
[EventDate "2022.10.08"]
[EventType "swiss"]
[EventRounds "6"]
[EventCountry "ARG"]
[SourceTitle "CBM 210 Extra"]
[Source "ChessBase"]
[SourceDate "2022.11.30"]
[SourceVersion "1"]
[SourceVersionDate "2022.11.30"]
[SourceQuality "1"]

1. d4 Nf6 2. Bf4 d6 3. Nc3 Bf5 4. f3 e6 5. e4 Bg6 6. Qd2 Nbd7 7. 0-0-0 Be7 8. g4 e5 9. dxe5 dxe5 10. Be3 Nb6 11. h4 Qxd2+ 12. Rxd2 h5 13. g5 Nfd7 14. Nd5 Nxd5 15. Rxd5 c6 16. Rd2 Bc5 17. Bxc5 Nxc5 18. Ne2 0-0 19. Ng3 Rad8 20. Rhh2 Ne6 21. Rxd8 Rxd8 22. Rd2 Rxd2 23. Kxd2 Nd4 24. Bg2 Kf8 25. c3 Ne6 26. Nf5 Bxf5 27. exf5 Nf4 28. Bf1 Ke7 29. Ke3 f6 30. g6 Kd6 31. Ke4 Kc5 32. b4+ Kb6 33. Bc4 Kc7 34. Bf1 b5 35. c4 bxc4 36. Bxc4 c5 37. b5 Kb6 38. a4 Ka5 39. Bb3 Kb4 40. Bd1 c4 41. Bc2 Kc5 42. Bd1 Nd5 43. Bc2 Nb4 44. Bd1 c3 45. f4 exf4 46. Kxf4 c2 47. Bxc2 Nxc2 48. a5 Kxb5 49. Ke4 Kc5 0-1

[Event "San Antonio de Obligado op"]
[Site "San Antonio de Obligado"]
[Date "2022.10.08"]
[Round "2"]
[White "Alvarez, Jesus Esteban"]
[Black "Molina, Vicente"]
[Result "1-0"]
[WhiteElo "1644"]
[BlackElo "1706"]
[PlyCount "109"]
[EventDate "2022.10.08"]
[EventType "swiss"]
[EventRounds "6"]
[EventCountry "ARG"]
[SourceTitle "CBM 210 Extra"]
[Source "ChessBase"]
[SourceDate "2022.11.30"]
[SourceVersion "1"]
[SourceVersionDate "2022.11.30"]
[SourceQuality "1"]

1. d4 Nf6 2. c4 e6 3. Nc3 c5 4. e3 cxd4 5. exd4 d5 6. Nf3 Nc6 7. Be2 Bd6 8. 0-0 dxc4 9. Bxc4 0-0 10. Bg5 Be7 11. Qd2 a6 12. a4 Qc7 13. Qe2 Bd7 14. Rfd1 Rfe8 15. Rac1 Rac8 16. Bd3 Qb6 17. Bb1 h6 18. Be3 Qa5 19. Nd2 Qb4 20. Nde4 Na5 21. Nxf6+ Bxf6 22. Qg4 Kf8 23. Ne4 Rxc1 24. Rxc1 Bxd4 25. Nc5 e5 26. Nxd7+ Ke7 27. Nxe5 Rd8 28. Nd3 Qxa4 29. Qe4+ Kf8 30. Bxd4 Qxd4 31. Qxd4 Rxd4 32. g3 Nb3 33. Rc3 Nd2 34. Bc2 Nf3+ 35. Kg2 Ng5 36. f3 Ne6 37. Kf2 b5 38. Ke3 Rd6 39. Nf2 b4 40. Rc8+ Ke7 41. Ne4 Rb6 42. Bb3 a5 43. Bxe6 Rxe6 44. Rc7+ Ke8 45. Kd3 g5 46. Ra7 f5 47. Nd2 Rd6+ 48. Kc2 Rc6+ 49. Kb3 Rc5 50. Nc4 Rd5 51. Rxa5 Rd3+ 52. Kxb4 Rxf3 53. Re5+ Kd7 54. Re2 h5 55. Ne5+ 1-0

[Event "San Antonio de Obligado op"]
[Site "San Antonio de Obligado"]
[Date "2022.10.08"]
[Round "1"]
[White "Leites Dos Santos, Miqueas"]
[Black "Alvarez, Jesus Esteban"]
[Result "0-1"]
[WhiteElo "1154"]
[BlackElo "1644"]
[PlyCount "72"]
[EventDate "2022.10.08"]
[EventType "swiss"]
[EventRounds "6"]
[EventCountry "ARG"]
[SourceTitle "CBM 210 Extra"]
[Source "ChessBase"]
[SourceDate "2022.11.30"]
[SourceVersion "1"]
[SourceVersionDate "2022.11.30"]
[SourceQuality "1"]

1. d4 Nf6 2. c4 e6 3. Nc3 Bb4 4. Nf3 0-0 5. e3 c5 6. d5 exd5 7. cxd5 d6 8. Bc4 Bg4 9. 0-0 Nbd7 10. Bd3 Ne5 11. Be2 Bxc3 12. bxc3 Re8 13. Bb2 Nfd7 14. c4 Bxf3 15. Bxf3 Nxc4 16. Rb1 Nxb2 17. Rxb2 b6 18. Re1 Qf6 19. Qc1 Ne5 20. Be2 Rac8 21. Qc3 Ng4 22. Qxf6 Nxf6 23. Bb5 Re5 24. Rd2 Rxd5 25. Rxd5 Nxd5 26. e4 Nf6 27. Rd1 Nxe4 28. Bd7 Rd8 29. Bf5 Nc3 30. Rd2 g6 31. Bg4 d5 32. f4 f5 33. Bf3 Ne4 34. Bxe4 fxe4 35. Kf2 d4 36. g3 e3+ 0-1

[Event "Misiones op"]
[Site "Misiones"]
[Date "2022.07.10"]
[Round "4"]
[White "Rehe, Octavio David"]
[Black "Alvarez, Jesus Esteban"]
[Result "0-1"]
[WhiteElo "1287"]
[BlackElo "1650"]
[PlyCount "50"]
[EventDate "2022.07.09"]
[EventType "swiss"]
[EventRounds "6"]
[EventCountry "ARG"]
[SourceTitle "CBM 209 Extra"]
[Source "ChessBase"]
[SourceDate "2022.09.30"]
[SourceVersion "1"]
[SourceVersionDate "2022.09.30"]
[SourceQuality "1"]

1. e4 c5 2. Nf3 Nc6 3. d4 cxd4 4. Nxd4 g6 5. Be3 Bg7 6. Nc3 Nf6 7. f3 0-0 8. Qd2 d5 9. 0-0-0 dxe4 10. fxe4 Ng4 11. Nce2 Qb6 12. h3 Nxe3 13. Qxe3 Nxd4 14. Nxd4 e5 15. Qd2 exd4 16. Bd3 Be6 17. Kb1 Rac8 18. Rde1 Bc4 19. a4 Bxd3 20. Qxd3 Rc3 21. Qd2 d3 22. e5 Rxc2 23. Qxc2 dxc2+ 24. Kc1 Qf2 25. Rhf1 Bh6+ 0-1

[Event "Obera op"]
[Site "Obera"]
[Date "2022.02.27"]
[Round "4"]
[White "Perdomo, Leandro Daniel"]
[Black "Alvarez, Jesus Esteban"]
[Result "1-0"]
[WhiteElo "2447"]
[BlackElo "1591"]
[PlyCount "99"]
[EventDate "2022.02.26"]
[EventType "swiss"]
[EventRounds "6"]
[EventCountry "ARG"]
[SourceTitle "EXT 2023"]
[Source "ChessBase"]
[SourceDate "2022.10.05"]
[SourceVersion "1"]
[SourceVersionDate "2022.10.05"]
[SourceQuality "1"]

1. Nf3 d5 2. g3 Nf6 3. Bg2 c5 4. c4 e6 5. cxd5 exd5 6. d4 Nc6 7. 0-0 h6 8. Nc3 Be6 9. b3 Be7 10. Bb2 0-0 11. dxc5 Bxc5 12. Na4 Bd6 13. Nd4 Nxd4 14. Qxd4 Qe7 15. Rac1 b6 16. Nc3 Rad8 17. Nb5 Bc5 18. Qh4 Ne4 19. Qxe7 Bxe7 20. e3 Bc5 21. Nd4 Rfe8 22. Rc2 Bxd4 23. Bxd4 Rc8 24. Rfc1 Rxc2 25. Rxc2 Rc8 26. Rxc8+ Bxc8 27. Kf1 Ba6+ 28. Ke1 f6 29. f3 Nd6 30. Kd2 Kf7 31. Bh3 Bc8 32. Bf1 Bf5 33. a4 Nb7 34. Kc3 Ke7 35. g4 Bd7 36. h4 Kd6 37. Kc2 Nc5 38. Bc3 Be8 39. Be1 Bg6+ 40. Kc3 h5 41. Bg3+ Kc6 42. Bh3 a6 43. g5 Be4 44. gxf6 gxf6 45. b4 Nxa4+ 46. Kb3 Bxf3 47. Kxa4 Bd1+ 48. Ka3 Kb5 49. Bf1+ Kc6 50. Bxa6 1-0